Estatísticas para Copa do Mundo da FIFA de 2010

Clique aqui para jogar o quiz

Estatísticas Gerais

  • Esse quiz foi jogado 208 vezes
  • A pontuação média é 27 de 32

Estatísticas das Respostas

Grupo Time % Correto
Grupo GBrasil
99%
Grupo GPortugal
98%
Grupo HEspanha
98%
Grupo DAlemanha
96%
Grupo AUruguai
96%
Grupo CEstados Unidos
96%
Grupo BArgentina
95%
Grupo AMéxico
95%
Grupo EPaíses Baixos
94%
Grupo AFrança
94%
Grupo FItália
94%
Grupo EJapão
94%
Grupo AÁfrica do Sul
93%
Grupo HChile
90%
Grupo HSuíça
89%
Grupo CInglaterra
87%
Grupo BNigéria
87%
Grupo BCoreia do Sul
87%
Grupo DAustrália
87%
Grupo DGana
83%
Grupo FParaguai
80%
Grupo GCosta do Marfim
80%
Grupo ECamarões
76%
Grupo GCoreia do Norte
75%
Grupo HHonduras
71%
Grupo DSérvia
66%
Grupo BGrécia
66%
Grupo EDinamarca
66%
Grupo FNova Zelândia
66%
Grupo CArgélia
62%
Grupo FEslováquia
61%
Grupo CEslovênia
61%

Distribuição das Pontuações

Percentil de Números Respondidos

Porcentagem de Pessoas com Cada Pontuação

Sua Pontuação Histórica

Você não jogou esse quiz